=LDR 00000nam 2200000 4500 =001 INLIS000000000007255 =005 20130612095303 =008 ***********************************Ind** =035 ##$$0010-061300000007255 =041 ##$$a Ind =082 ##$$a 2x0.32 =090 ##$$a 2x0.32, Suk p =100 ##$$a Sukarja, Ahmad =245 ##$$a Piagam Madinah dan Undang-Undang Dasar 1945, Ahmad Sukardjo =260 ##$$a 1995 $b Jakarta =300 ##$$a xi, 199 hm., 23 cm =650 ##$$a Islam-Politik =850 ##$$a NBPNMAT